| 000 | 00886cam a22002535a 4500 | ||
|---|---|---|---|
| 001 | 18496196 | ||
| 005 | 20170111152241.0 | ||
| 008 | 150218s2014 maua fr 001 0 eng d | ||
| 020 | _a9780123878250 | ||
| 020 | _a012387825X | ||
| 040 |
_aUKMGB _beng _cUKMGB _dOCLCO _dYDXCP _dIXA _dDLC _dEG-ScBUE |
||
| 082 | 0 | 4 |
_222 _a621.8672 _bSIN |
| 100 | 1 |
_aSingh, R. P. _q(Ramesh Prasad) |
|
| 245 | 1 | 0 |
_aPipeline integrity handbook : _brisk management and evaluation / _cby Ramesh Singh. |
| 250 | _a1st ed. | ||
| 260 |
_aWaltham ; _aOxford : _bGulf Professional Publishing / Elsevier, _c2014. |
||
| 300 |
_axv, 308 p. : _bill. ; _c23 cm. |
||
| 500 | _aIndex : p.293-308. | ||
| 650 | 7 |
_aPetroleum pipelines _xDesign and construction _vHandbooks, manuals, etc. _2BUEsh |
|
| 650 | 0 |
_aPetroleum pipeline industry _xPrevention. _2BUEsh |
|
| 651 | _2BUEsh | ||
| 653 |
_bENGPET _cJanuary2017 |
||
| 942 | _2ddc | ||
| 999 |
_c23893 _d23865 |
||